Traditional Malaysian music

Bibliographic Details
Main Author: Mohamed Ghouse Nasuruddin
Format: Book
Published: Kuala Lumpur : Dewan Bahasa dan Pustaka , 2006
Edition:New edition
Subjects:

MARC

LEADER 00000cam a2200000 7i4500
001 0000020190
005 20080701.0
008 080623
020 |a 9836290486 
090 0 0 |a 780.09595   |b MOH 
100 0 |a Mohamed Ghouse Nasuruddin 
245 1 0 |a Traditional Malaysian music   |c Mohamed Ghouse Nasuruddin 
250 |a New edition 
260 |a Kuala Lumpur :   |b Dewan Bahasa dan Pustaka ,   |c 2006 
650 0 |a Folk music   |z Malaysia 
650 0 |a Folk song, Malay   |z Malaysia 
650 0 |a Music   |z Malaysia 
999 |a 0001025488   |b Book   |c REFERENCE   |e Perbadanan Perpustakaan Awam Johor